Państwa Świata z dwuznakami w nazwie - Statystyki

Ogólne statystyki
  • Ten quiz został rozwiązany 133 razy
    63 od ostatniego zresetowania
  • Średni wynik to 14 z 31
Statystyki odpowiedzi
Kontynent Odpowiedź % Poprawnych
Europa Czechy
92%
Azja Chiny
88%
Europa Chorwacja
82%
Europa Czarnogóra
80%
Europa Szwajcaria
80%
Europa Szwecja
80%
Afryka Dżibuti
76%
Afryka Czad
73%
Oceania Fidżi
55%
Ameryka Płn. Stany Zjednoczone
55%
Azja Tadżykistan
49%
Azja Kambodża
47%
Afryka Niger
47%
Afryka Nigeria
47%
Afryka Seszele
45%
Azja Azerbejdżan
41%
Azja Kazachstan
41%
Ameryka Płn. Nikaragua
39%
Afryka Demokratyczna Republika Konga
37%
Europa Hiszpania
37%
Afryka Wybrzeże Kości Słoniowej
37%
Azja Bangladesz
31%
Afryka Republika Zielonego Przylądka
27%
Azja Korea Południowa
16%
Azja Timor Wschodni
16%
Afryka Wyspy Świętego Tomasza i Książęca
16%
Azja Japonia
12%
Azja Turkmenistan
12%
Afryka Sudan Południowy
10%
Ameryka Płn. Trynidad i Tobago
10%
Azja Jordania
2%
Nie znaleziono quizów pasujących do podanych kryteriów
Rozkład punktacji
Procent ludzi z każdym wynikiem
Percentyl według liczby udzielonych odpowiedzi
Twoja historia wyników
Nie rozwiązałeś tego quizu od ostatniego zresetowania